Dizajn ako kľúčový faktor diferenciácie v podnikoch cestovného ruchu bakalárska práca

Salvato in:
Dettagli Bibliografici
Autore principale: Kováčová, Simona
Ente Autore: Obchodná fakulta EU. Katedra marketingu
Altri autori: Ševčíková, Renáta, 1982-
Natura: Libro
Lingua:slovacco
Pubblicazione: Bratislava 2022
Tags: Aggiungi Tag
Nessun Tag, puoi essere il primo ad aggiungerne!!

MARC

LEADER 00000nbm a2200000 4500
001 0285806
005 20221128132421.4
041 0 |a slo 
044 |a SK 
245 1 0 |a Dizajn ako kľúčový faktor diferenciácie v podnikoch cestovného ruchu  |b bakalárska práca  |c Simona Kováčová ; školiteľ: Renáta Ševčíková 
264 1 |a Bratislava  |c 2022 
300 |a 54 s. 
100 1 |a Kováčová, Simona 
700 1 |a Ševčíková, Renáta, 1982- 
710 2 |a Obchodná fakulta EU. Katedra marketingu